التغير الإجتماعي : (رقم التسجيلة. 80462)

تفاصيل مارك
000 -الفاتح
عناصر البيانات ثابتة الطول 00738cam a2200181 i 4500
005 - تاريخ ووقت آخر معاملة
حقل ضبط 20260111094630.0
008 - عناصر البيانات ثابتة الطول
عناصر البيانات ثابتة الطول 250721s1993 ua gr 000 0 ara d
082 14 - رقم تصنيف ديوي العشري
رقم التصنيف 303.4
رقم المادة ج و ل
100 1# - مدخل رئيسي – اسم شخصي
الاسم الشخصي جولاني، فاديه عمر
علاقة الشخص بالعمل/ دوره مؤلف.
245 12 - بيان العنوان
العنوان التغير الإجتماعي :
بقية العنوان مدخل النظرية الوظيفية لتحليل التغير /
بيان المسؤولية تأليف دكتورة فادية عمر الجولانى.
264 31 - بيانات النشر، التوزيع…إلخ
مكان النشر، التوزيع...إلخ الإسكندرية :
اسم الناشر، الموزع...إلخ مؤسسة شباب الجامعة،
تاريخ النشر، التوزيع...إلخ 1993.
300 ## - الوصف المادي
عدد الوحدات المكونة للوعاء 317 صفحة.
650 17 - مدخل إضافي بالموضوع - مصطلح موضوعي
مصطلح موضوعي أو اسم جغرافي كعنصر مدخل التغير الإجتماعي.
650 17 - مدخل إضافي بالموضوع - مصطلح موضوعي
مصطلح موضوعي أو اسم جغرافي كعنصر مدخل التغير الثقافي.
650 17 - مدخل إضافي بالموضوع - مصطلح موضوعي
مصطلح موضوعي أو اسم جغرافي كعنصر مدخل النضج الإجتماعي.
942 ## - بيانات إضافية (كوها)
نوع التنصيف Dewey Decimal Classification
نوع المادة (كوها) كتب
المقتنيات
حالة السحب حالة الفقدان مصدر التصنيف حالة التلف غير قابل للإعارة المكتبة الرئيسية المكتبة الحالية موقع الرف تاريخ التزويد الرقم المتسلسل Total Checkouts رقم الإستدعاء الباركود تاريخ آخر ظهور تاريخ الفاتورة نوع المادة (كوها)
    Dewey Decimal Classification     المكتبة المركزية المكتبة المركزية الإعارة 28/07/2025 380654   303.4 / ج و ل 380654 28/07/2025 28/07/2025 كتب
Implemented & Customized by: BBB with SCIT (Smart Chains for Information Technology)

Powered by Koha